Essential paediatrics / (Record no. 1672)

MARC details
000 -LEADER
fixed length control field 00590nam a22002177a 4500
003 - CONTROL NUMBER IDENTIFIER
control field OSt
005 - DATE AND TIME OF LATEST TRANSACTION
control field 20150430140327.0
008 - FIXED-LENGTH DATA ELEMENTS--GENERAL INFORMATION
fixed length control field 150430b xxu||||| |||| 00| 0 eng d
020 ## - INTERNATIONAL STANDARD BOOK NUMBER
International Standard Book Number 0443047820
040 ## - CATALOGING SOURCE
Transcribing agency 04
082 ## - DEWEY DECIMAL CLASSIFICATION NUMBER
Classification number WS 100 H878e 1993
100 ## - MAIN ENTRY--PERSONAL NAME
Personal name Hull David
9 (RLIN) 4333
245 ## - TITLE STATEMENT
Title Essential paediatrics /
Statement of responsibility, etc. David Hull/ Derek I. Johnston
250 ## - EDITION STATEMENT
Edition statement 3rd ed.
260 ## - PUBLICATION, DISTRIBUTION, ETC. (IMPRINT)
Place of publication, distribution, etc. London :
Name of publisher, distributor, etc. Churchill Livingstone;
Date of publication, distribution, etc. 1993.
300 ## - PHYSICAL DESCRIPTION
Extent x, 365 p :
Other physical details col.ill;
Dimensions 27 cm
504 ## - BIBLIOGRAPHY, ETC. NOTE
Bibliography, etc includes index.
650 ## - SUBJECT ADDED ENTRY--TOPICAL TERM
Topical term or geographic name as entry element Paediatrics
9 (RLIN) 3350
700 ## - ADDED ENTRY--PERSONAL NAME
Personal name Johnston Derek I
9 (RLIN) 4404
942 ## - ADDED ENTRY ELEMENTS (KOHA)
Source of classification or shelving scheme Other/Generic Classification Scheme
Koha item type Short Loan
Holdings
Withdrawn status Lost status Source of classification or shelving scheme Damaged status Not for loan Home library Current library Date acquired Source of acquisition Inventory number Total Checkouts Full call number Barcode Date last seen Price effective from Koha item type
    Other/Generic Classification Scheme     MUST Main Library MUST Main Library 30/04/2015   2000/14754   WS 100 H878e 1993 2015-1283 30/04/2015 30/04/2015 Short Loan
    Other/Generic Classification Scheme     MUST Main Library MUST Main Library 30/04/2015   2000/14793   WS 100 H878e 1993 2015-1285 30/04/2015 30/04/2015 Short Loan